Open Data Biblioteca Nacional de Portugal


República Portuguesa: Ministério da Cultura
Biblioteca Nacional de Portugal

Catálogo da BNP: acesso por Identificadores Unívocos
Registos Bibliográficos associados ao registo de autoridade

Etiqueta de registo: 00000nam 2200025 450
001 2278265
003 http://id.bnportugal.gov.pt/bib/catbnp/2278265
100 ## $a20260309d2023 k y0pory01030103ba
101 0# $aeng$dpor
102 ## $aPT
105 ## $aa m 000yy
106 ## $ar
200 1# $aEvaluation of drug loaded magnetoliposomes as multifunctional platforms for advanced cell therapies$fBeatriz Dias Cardoso$gorient. Elisabete M. S. Castanheira Coutinho, Vanessa Fernandes Cardoso, Senentxu Lanceros-Méndez
210 #9 $a[S.l.$cs.n.],$d2023
215 ## $aXXIV, 244 p.$cil.$d30 cm
328 #1 $aTese dout. Engenharia de Materiais, Escola de Engenharia, Universidade do Minho, 2023
675 ## $a620.3(043)$vBN$zpor$31386155
675 ## $a576.35(043)$vBN$zpor$31430544
700 #1 $aCardoso,$bBeatriz Dias$31990017
702 #1 $aCoutinho,$bElisabete Maria dos Santos Castanheira$4727$3237260
702 #1 $aCardoso,$bVanessa Fernandes$4727$31554961
702 #1 $aLanceros-Mendéz,$bSenentxu,$f1968-$4727$31467590
801 #0 $aPT$bBN$gRPC
856 40 $2Cópia digital disponível no RepositóriUM - Universidade do Minho$uhttps://hdl.handle.net/1822/85525
966 ## $lBN$mFGMON$sS.A. 193610 V.$x1
971 ## $corlando$d20260309
972 ## $e0$z0$d20260422$vlrevez
973 ## $cigoulao$d20260416

OpendataBNP@bnportugal.pt | Mais informação sobre acesso aos dados BNP